Lebenslagen Schuljugendlicher und sozialer Wandel im internationalen Vergleich
| Contributors: | |
|---|---|
| Format: | Print Book |
| Language: | German |
| Published: |
Baltmannsweiler
Schneider-Verlag Hohengehren
1995
|
| In: |
Jugendforschung aktuell (1)
Year: 1995 |
| Online Access: |
Table of Contents Table of Contents |
| Check availability: | HBZ Gateway |
| Subito Delivery Service: | Order now. |
| Keywords: |
MARC
| LEADER | 00000cam a2200000 c 4500 | ||
|---|---|---|---|
| 001 | 183689240 | ||
| 003 | DE-627 | ||
| 005 | 20260206194752.0 | ||
| 007 | tu | ||
| 008 | 950420s1995 gw ||||| 00| ||ger c | ||
| 015 | |a 95,N16,0096 |2 dnb | ||
| 015 | |a 95,A35,0301 |2 dnb | ||
| 016 | 7 | |a 943956226 |2 DE-101 | |
| 020 | |a 3871169889 |c : DM 29.80 (kart., freier Pr.) |9 3-87116-988-9 | ||
| 035 | |a (DE-627)183689240 | ||
| 035 | |a (DE-603)034655190 | ||
| 035 | |a (DE-576)045542325 | ||
| 035 | |a (DE-599)GBV183689240 | ||
| 035 | |a (OCoLC)243805760 | ||
| 035 | |a (OCoLC)37188564 | ||
| 035 | |a (AT-OBV)AC01252220 | ||
| 040 | |a DE-627 |b ger |c DE-627 |e rakwb | ||
| 041 | |a ger | ||
| 044 | |c XA-DE | ||
| 084 | |a 14 |2 sdnb | ||
| 084 | |a 14 |a 22 |2 sdnb | ||
| 084 | |a DU 3000 |2 rvk |0 (DE-625)rvk/20045:761 | ||
| 084 | |a DU 2500 |2 rvk |0 (DE-625)rvk/20044:761 | ||
| 084 | |a MS 7250 |2 rvk |0 (DE-625)rvk/123783: | ||
| 084 | |a MS 2200 |2 rvk |0 (DE-625)rvk/123633: | ||
| 084 | |a 71.35 |2 bkl | ||
| 245 | 0 | 0 | |a Lebenslagen Schuljugendlicher und sozialer Wandel im internationalen Vergleich |c hrsg. von Hans Merkens ... |
| 263 | |a kart. : DM 29.80 (freier Pr.) | ||
| 264 | 1 | |a Baltmannsweiler |b Schneider-Verlag Hohengehren |c 1995 | |
| 300 | |a 181 S. |b graph. Darst. |c 23 cm |e graph. Darst | ||
| 336 | |a Text |b txt |2 rdacontent | ||
| 337 | |a ohne Hilfsmittel zu benutzen |b n |2 rdamedia | ||
| 338 | |a Band |b nc |2 rdacarrier | ||
| 490 | 1 | |a Jugendforschung aktuell |v 1 | |
| 500 | |a Literaturverz. S. 173 - 181 | ||
| 583 | 1 | |a Archivierung/Langzeitarchivierung gewährleistet |f PEBW |x XA-DE-BW |2 pdager |5 DE-24 | |
| 650 | 0 | 7 | |0 (DE-588)4130642-9 |0 (DE-627)105701041 |0 (DE-576)209620706 |a Lebensbedingungen |2 gnd |
| 650 | 0 | 7 | |0 (DE-588)4077587-2 |0 (DE-627)106079697 |0 (DE-576)209205733 |a Sozialer Wandel |2 gnd |
| 650 | 0 | 7 | |0 (DE-588)4120509-1 |0 (DE-627)104262591 |0 (DE-576)209535695 |a Internationaler Vergleich |2 gnd |
| 650 | 0 | 7 | |0 (DE-588)4191125-8 |0 (DE-627)105244503 |0 (DE-576)210071397 |a Zukunftserwartung |2 gnd |
| 650 | 0 | 7 | |0 (DE-588)4124392-4 |0 (DE-627)105748145 |0 (DE-576)209567686 |a Vergleichende Erziehungswissenschaft |2 gnd |
| 650 | 0 | 7 | |0 (DE-588)4053369-4 |0 (DE-627)106167367 |0 (DE-576)20910354X |a Schüler |2 gnd |
| 650 | 0 | 7 | |0 (DE-588)4733429-0 |0 (DE-627)365901121 |0 (DE-576)215855779 |a Jugend |g 12-17 Jahre |2 gnd |
| 650 | 0 | 7 | |0 (DE-588)4028859-6 |0 (DE-627)104419199 |0 (DE-576)208979859 |a Jugend |2 gnd |
| 650 | 4 | |a Jugendliche | |
| 650 | 4 | |a Internationaler Vergleich | |
| 650 | 4 | |a Interesse | |
| 650 | 4 | |a Gewalt | |
| 650 | 4 | |a Werturteil | |
| 650 | 4 | |a Sozialer Wandel | |
| 650 | 4 | |a Familienstruktur | |
| 650 | 4 | |a Alltag | |
| 650 | 4 | |a Sozialisation | |
| 650 | 4 | |a Abweichendes Verhalten | |
| 650 | 4 | |a Schule | |
| 650 | 4 | |a Schulsystem | |
| 650 | 4 | |a Schüler und Schülerinnen | |
| 650 | 4 | |a Selbstbild | |
| 650 | 4 | |a Zukunft | |
| 650 | 4 | |a Gesellschaftsordnung | |
| 650 | 4 | |a Quantitative Methode | |
| 651 | 7 | |a Deutschland |2 gnd | |
| 651 | 7 | |a D : Alte Bundesländer |2 gnd | |
| 651 | 7 | |a D : Neue Bundesländer |2 gnd | |
| 651 | 7 | |a Tschechische Republik |2 gnd | |
| 651 | 7 | |a Russland |2 gnd | |
| 651 | 7 | |a Polen |2 gnd | |
| 651 | 7 | |a Bulgarien |2 gnd | |
| 651 | 7 | |a Ungarn |2 gnd | |
| 651 | 7 | |a Griechenland |2 gnd | |
| 651 | 7 | |a Slowakische Republik |2 gnd | |
| 655 | 7 | |a Aufsatzsammlung |0 (DE-588)4143413-4 |0 (DE-627)105605727 |0 (DE-576)209726091 |2 gnd-content | |
| 689 | 0 | 0 | |d s |0 (DE-588)4347842-6 |0 (DE-627)157266745 |0 (DE-576)211491454 |a Jugend |g 12-18 Jahre |2 gnd |
| 689 | 0 | 1 | |d s |0 (DE-588)4130642-9 |0 (DE-627)105701041 |0 (DE-576)209620706 |a Lebensbedingungen |2 gnd |
| 689 | 0 | 2 | |d s |0 (DE-588)4077587-2 |0 (DE-627)106079697 |0 (DE-576)209205733 |a Sozialer Wandel |2 gnd |
| 689 | 0 | 3 | |d s |0 (DE-588)4120509-1 |0 (DE-627)104262591 |0 (DE-576)209535695 |a Internationaler Vergleich |2 gnd |
| 689 | 0 | |5 DE-101 | |
| 689 | 1 | 0 | |d s |0 (DE-588)4191125-8 |0 (DE-627)105244503 |0 (DE-576)210071397 |a Zukunftserwartung |2 gnd |
| 689 | 1 | |5 DE-101 | |
| 700 | 1 | |a Merkens, Hans |d 1937-2024 |e Hrsg. |0 (DE-588)129407739 |0 (DE-627)396070108 |0 (DE-576)162207050 |4 edt | |
| 830 | 0 | |a Jugendforschung aktuell |v 1 |9 1 |w (DE-627)528261940 |w (DE-576)04628270X |w (DE-600)2289505-X |7 am | |
| 856 | 4 | 2 | |u http://www.gbv.de/dms/hbz/toc/ht006588574.PDF |m V:DE-605 |v 2008-11-15 |x Verlag |y Inhaltsverzeichnis |3 Inhaltsverzeichnis |7 1 |
| 856 | 4 | 2 | |u http://scans.hebis.de/HEBCGI/show.pl?03465519_toc.pdf |m V:DE-605 |q application/pdf |3 Inhaltsverzeichnis |7 1 |
| 935 | |i Blocktest | ||
| 936 | r | v | |a DU 3000 |b Allgemeines und Deutschland |k Pädagogik |k Pädagogische Soziologie |k Jugendsoziologie |k Allgemeines und Deutschland |0 (DE-627)1270809784 |0 (DE-625)rvk/20045:761 |0 (DE-576)200809784 |
| 936 | r | v | |a DU 2500 |b Allgemeines und Deutschland |k Pädagogik |k Pädagogische Soziologie |k Soziologie der Schule und der Schulklasse, Schule und Gesellschaft |k Allgemeines und Deutschland |0 (DE-627)1270726838 |0 (DE-625)rvk/20044:761 |0 (DE-576)200726838 |
| 936 | r | v | |a MS 7250 |b Schüler; Lehrer (Schulklasse als soziales System, peer group, Lernmotivation) |k Soziologie |k Spezielle Soziologien |k Pädagogische Soziologie |k Schulsoziologie |k Schüler; Lehrer (Schulklasse als soziales System, peer group, Lernmotivation) |0 (DE-627)1271441624 |0 (DE-625)rvk/123783: |0 (DE-576)201441624 |
| 936 | r | v | |a MS 2200 |b Generationskonflikt |k Soziologie |k Spezielle Soziologien |k Jugendsoziologie |k Generationskonflikt |0 (DE-627)1271440989 |0 (DE-625)rvk/123633: |0 (DE-576)201440989 |
| 936 | b | k | |a 71.35 |j Kindersoziologie |j Jugendsoziologie |0 (DE-627)106412698 |
| 936 | s | n | |a m200 |2 mzub |
| 936 | s | n | |a d100 |2 mzub |
| 951 | |a BO | ||
| ELC | |b 1 | ||
| LOK | |0 000 xxxxxcx a22 zn 4500 | ||
| LOK | |0 001 3308447061 | ||
| LOK | |0 003 DE-627 | ||
| LOK | |0 004 183689240 | ||
| LOK | |0 005 20151116135140 | ||
| LOK | |0 008 150728||||||||||||||||ger||||||| | ||
| LOK | |0 035 |a (DE-21-110)kd50934 | ||
| LOK | |0 040 |a DE-21-110 |c DE-627 |d DE-21-110 | ||
| LOK | |0 689 |a s |a Sozialer Wandel | ||
| LOK | |0 689 |a s |a Schüler | ||
| LOK | |0 689 |a s |a Lebenslagen | ||
| LOK | |0 852 |z Kein Bestand am IfK; Nachweis für KrimDok | ||
| LOK | |0 852 |a DE-21-110 | ||
| LOK | |0 852 1 |9 00 | ||
| LOK | |0 935 |a k110 | ||
| LOK | |0 939 |a 28-07-15 |b l01 | ||
| ORI | |a SA-MARC-krimdoka001.raw | ||
